| 000 | 00605nam a2200217 i 4500 | ||
|---|---|---|---|
| 001 | bg | ||
| 245 | 0 | 0 |
_aKodeks cywilny / _cwprowadzenie Wiktor Jaślan. |
| 250 | _aStan prawny na dzień 1 stycznia 2001 r. | ||
| 260 |
_aWarszawa : _b"Infor", _c2001. |
||
| 300 |
_a288 s. ; _c21 cm. |
||
| 650 | 9 |
_aPrawo cywilne _zPolska _ystan na 2001 r. |
|
| 700 | 1 | _aJAŚLAN, Wiktor | |
| 020 | _a8388663046 | ||
| 040 | _cBPK | ||
| 041 | 0 | _apl | |
| 080 | _a347(438) | ||
| 920 | _a83-88663-04-6 | ||
| 942 | _cKS | ||
| 008 | s pl f |000 0 pol | ||
| 999 |
_c39293 _d39293 |
||
| 856 |
_uhttp://koha.tu.koszalin.pl/cgi-bin/koha/opac-detail.pl?biblionumber=39293 _yKatalog online BPK |
||